| 000 | 02002nam0a2200337 4500 | ||
|---|---|---|---|
| 001 | RU\NLR\BIBL_A\022740832 | ||
| 005 | 20260426080721.0 | ||
| 010 |
_a978-5-7629-3520-3 _9543 |
||
| 021 |
_aRU _bКН-П-25-081959 _9КН-П-25-7935 |
||
| 035 | _a(NLR Aleph) 022740832 | ||
| 090 |
_a13696999 _c13696999 |
||
| 100 | _a20260302d2024 u y0rusy50 ca | ||
| 101 | 0 | _arus | |
| 102 | _aRU | ||
| 105 | _aa j 000yy | ||
| 181 | 0 |
_ai _baxxe |
|
| 182 | 0 | _an | |
| 200 | 1 |
_aОсновы молекулярной физики _eучебное пособие _eдля студентов 1-го курса всех технических факультетов СПбГЭТУ "ЛЭТИ" для семинарских, лабораторных и лекционных занятий 1-го семестра _fЮ. И. Попов, Е. А. Сизова, А. М. Альтмарк _gМинобрнауки России, Санкт-Петербургский государственный электротехнический университет "ЛЭТИ" им. В. И. Ульянова (Ленина) |
|
| 203 |
_aТекст _bвизуальный _cнепосредственный |
||
| 210 |
_aСанкт-Петербург _cИзд-во СПбГЭТУ "ЛЭТИ" _d2024 |
||
| 215 |
_a70 с. _cил., табл. _d21 |
||
| 320 | _aБиблиогр.: с. 70 (9 назв.) | ||
| 606 | 1 |
_aМолекулярная физика _jУчебные издания для высших учебных заведений _9914526 _3RU\NLR\AUTH\6614992 |
|
| 686 | 1 | _aВ36я73-1 | |
| 700 | 1 |
_aПопов _bЮ. И. _cканд. физ.-мат. наук _gЮрий Игоревич _9231185 _3RU\NLR\AUTH\770231241 |
|
| 701 | 1 |
_aСизова _bЕ. А. _cканд. физ.-мат. наук _gЕлена Алексеевна _9231195 _3RU\NLR\AUTH\770231251 |
|
| 701 | 1 |
_aАльтмарк _bА. М. _gАлександр Моисеевич |
|
| 942 | _cBOOK | ||
| 980 | _aNB | ||